000
00333nam a2200133Ia 4500
008
190722s9999 xx 000 0 und d
020
_a
978-019-9964-3
100
_a
CHI-TSONG CHEN
245
0
_a
Linerar system Theory and Design
260
_a
New york
_b
Oxford University press
_c
2011
300
_a
398p.:
942
_c
BK
942
_e
4th
999
_c
906
_d
906